Welcome to the Holygrace Academy Library

Please use search bar below to get started

BOLLYWOOD BABES (Record no. 3035)

MARC details
000 -LEADER
fixed length control field 00309nam a22001337a 4500
020 ## - INTERNATIONAL STANDARD BOOK NUMBER
ISBN 0-440-86754-1
082 ## - DEWEY DECIMAL CLASSIFICATION NUMBER
Classification number 823
Item number DHA/B
100 ## - MAIN ENTRY--AUTHOR NAME
Personal name DHAMI, NARINDER
245 ## - TITLE STATEMENT
Title BOLLYWOOD BABES
260 ## - PUBLICATION, DISTRIBUTION, ETC. (IMPRINT)
Place of publication GREAT BRITAIN
Name of publisher CORGI YEARLING BOOKS
Year of publication 2004
300 ## - PHYSICAL DESCRIPTION
Number of Pages 227
650 ## - SUBJECT ADDED ENTRY--TOPICAL TERM
Topical Term NOVEL
Geographic subdivision UNITED KINGDOM
942 ## - ADDED ENTRY ELEMENTS (KOHA)
Koha item type Books
Holdings
Withdrawn status Lost status Collection code Home library Current library Shelving location Date acquired Source of acquisition Full call number Accession Number Koha item type
    Fiction Main Library Main Library SHELF-14D- ALPHABETICAL -D--ENGLISH NOVELS & FICTIONS 25/03/2014 purchase 823 DHA/B 08164 Books